|
|
|
|
| LEADER |
00000nam0a2200000 4500 |
| 001 |
45934 |
| 005 |
20231031024214.0 |
| 010 |
|
|
|a 5845104785
|
| 035 |
|
|
|a (RuTPU)RU\TPU\book\47843
|
| 090 |
|
|
|a 45934
|
| 100 |
|
|
|a 20021218d2000 сd y0rusy50020304ca
|
| 101 |
0 |
|
|a rus
|
| 102 |
|
|
|a RU
|
| 105 |
|
|
|a a jz 000zy
|
| 200 |
1 |
|
|a Как стать сильным
|f М. З. Залесский
|
| 210 |
|
|
|a Москва
|c Росмэн
|d 2000
|
| 215 |
|
|
|a 126 с.
|c ил.
|
| 610 |
1 |
|
|a спорт
|
| 610 |
1 |
|
|a силовые виды
|
| 610 |
1 |
|
|a сила
|
| 610 |
1 |
|
|a тренировки
|
| 610 |
1 |
|
|a практические пособия
|
| 675 |
|
|
|a 796.88
|v 3
|
| 700 |
|
1 |
|a Залесский
|b М. З.
|g Михаил Зиновьевич
|
| 801 |
|
1 |
|a RU
|b 63413507
|c 20021218
|g PSBO
|
| 801 |
|
2 |
|a RU
|b 63413507
|c 20030113
|g PSBO
|
| 942 |
|
|
|c BK
|